MARC details
| 000 -CABECERA |
| campo de control de longitud fija |
02974nam a2200337 i 4500 |
| 003 - IDENTIFICADOR DEL NÚMERO DE CONTROL |
| campo de control |
DO-SdBNP |
| 005 - FECHA Y HORA DE LA ÚLTIMA TRANSACCIÓN |
| campo de control |
20250429094042.0 |
| 007 - CAMPO FIJO DE DESCRIPCIÓN FÍSICA--INFORMACIÓN GENERAL |
| campo de control de longitud fija |
ta |
| 008 - DATOS DE LONGITUD FIJA--INFORMACIÓN GENERAL |
| campo de control de longitud fija |
250429b2024 dr ab||| |||| 00| 0 spa d |
| 020 ## - NÚMERO INTERNACIONAL ESTÁNDAR DEL LIBRO |
| Número Internacional Estándar del Libro |
9789945510720 |
| 040 ## - FUENTE DE LA CATALOGACIÓN |
| Centro catalogador/agencia de origen |
DO-SdBNP |
| Lengua de catalogación |
spa |
| Centro/agencia transcriptor |
BNPHU |
| Normas de descripción |
rda |
| 041 ## - CÓDIGO DE LENGUA |
| Código de lengua del texto/banda sonora o título independiente |
spa |
| 082 #4 - NÚMERO DE LA CLASIFICACIÓN DECIMAL DEWEY |
| Número de clasificación |
0 |
| Número de documento/Ítem |
S211n |
| Número de edición |
22 |
| 100 ## - ENTRADA PRINCIPAL--NOMBRE DE PERSONA |
| Nombre de persona |
Sánchez Paulino, Jonás |
| Término indicativo de función/relación |
autor |
| Código de función/relación |
aut. |
| 9 (RLIN) |
74654 |
| 245 10 - MENCIÓN DE TÍTULO |
| Título |
Necropolitanos : |
| Resto del título |
la rabia de los demonios / |
| Mención de responsabilidad, etc. |
Jonás Sánchez Paulino ; ilustrado por Markus Edjical ; corrección María del Carmen Vicente, Modesto Cuesta y Apolinar Liz Rodríguez. |
| 250 ## - MENCIÓN DE EDICIÓN |
| Mención de edición |
Primera edición |
| 264 #4 - PRODUCCIÓN, PUBLICACIÓN, DISTRIBUCIÓN, FABRICACIÓN Y COPYRIGHT |
| Producción, publicación, distribución, fabricación y copyright |
Santo Domingo, República Dominicana : |
| Nombre del de productor, editor, distribuidor, fabricante |
Editora Nacional, |
| Fecha de producción, publicación, distribución, fabricación o copyright |
©2024. |
| 300 ## - DESCRIPCIÓN FÍSICA |
| Extensión |
264 páginas : |
| Otras características físicas |
ilustraciones, mapas ; |
| Dimensiones |
23 cm |
| 336 ## - TIPO DE CONTENIDO |
| Término de tipo de contenido |
texto |
| Código de tipo de contenido |
txt |
| Fuente |
rdacontent |
| 337 ## - TIPO DE MEDIO |
| Nombre/término del tipo de medio |
sin mediación |
| Código del tipo de medio |
n |
| Fuente |
rdamedia |
| 338 ## - TIPO DE SOPORTE |
| Nombre/término del tipo de soporte |
volumen |
| Código del tipo de soporte |
nc |
| Fuente |
rdacarrier |
| 500 ## - NOTA GENERAL |
| Nota general |
Incluye datos del autor en la solapa de la cubierta |
| 505 ## - NOTA DE CONTENIDO CON FORMATO |
| Nota de contenido con formato |
Capítulo I. 2533 d. C., 17 -- |
| Título |
Capítulo II. Zona de prueba, 18 -- |
| -- |
Capítulo III. Almas de arena, 26 -- |
| -- |
Capítulo IV. Hoy se acaban los atardeceres, 31 -- |
| -- |
Capítulo V. Infierno en el puente Duarte, 39 -- |
| -- |
Capítulo VI. Las tinieblas de la luz, 46 -- |
| -- |
Capítulo VII. Electrocardiozombi, 55 -- |
| -- |
Capítulo VIII. Entre caníbales, 65 -- |
| -- |
Capítulo IX. El providencialista, 71 -- |
| -- |
Capítulo X. Ruinas de Metal, 78 -- |
| -- |
Capítulo XI. El festín no es para llevar, 85 -- |
| -- |
Capítulo XII. El misericordioso, 91 -- |
| -- |
Capítulo XIII. Bunker de mando, 97 -- |
| -- |
Capítulo XlV. CONAHU, 101 --- |
| -- |
Capítulo XV. Filibusteros y bucaneros, 107 -- |
| -- |
Capítulo XVI. La chispa de la superstición, 113 -- |
| -- |
Capítulo XVII. Desoxigenado, 117 -- |
| -- |
Capítulo XVIII. Expedición Dragón, 125 -- |
| -- |
Capítulo XIX. Mambo mortal, 133 -- |
| -- |
Capítulo XX. Espectrograma, 140 -- |
| -- |
Capítulo XXI. Filibuspunk, 145 -- |
| -- |
Capítulo XXII. Metamorpunk, 150 -- |
| -- |
Capítulo XXIII. Carnicero, 161 -- |
| -- |
Capítulo XXIV. Espectros de la memoria, 168 -- |
| -- |
Capítulo XXV. La tierra prometida, 171 -- |
| -- |
Capítulo XXVII. Necrokalonji, 191 -- |
| -- |
Capítulo XXVIII. Licuado de sesos, 197 -- |
| -- |
Capítulo XXIX. El resucitado, 205 -- |
| -- |
Capítulo XXX. «Ou tonbe, Santo Doming, mwen leve, Ayiti», 217 -- |
| -- |
Capítulo XXXI. Glu, glu, glu, glu en un fraseo, 223 -- |
| -- |
Capítulo XXXII. El dios de la guerra, el hierro y la necrociencia, 231 -- |
| -- |
Capítulo XXXIII. En marcha, 235 -- |
| -- |
Capítulo XXXIV. El frio es mi aliado, 241 -- |
| -- |
Capítulo XXXV. Avalancha de voces espectrales, 245 -- |
| -- |
Capítulo XXXVI. Bahía de Mpungo o bahía del Diablo, 253 -- |
| -- |
Capítulo XXXVII. La mirada en blanco, 257 -- |
| -- |
Capítulo XXXVIII. Continuación, 261 -- |
| -- |
Glosario, 263. |
| 590 ## - NOTA LOCAL (RLIN) |
| Nota local |
Inventariado, 2025 /LP |
| 700 1# - PUNTO DE ACCESO ADICIONAL--NOMBRE DE PERSONA |
| Nombre de persona |
Edjical, Markus |
| Término indicativo de función/relación |
ilustrador |
| Código de función/relación |
il. |
| 9 (RLIN) |
87561 |
| 700 1# - PUNTO DE ACCESO ADICIONAL--NOMBRE DE PERSONA |
| Nombre de persona |
Vicente, María del Carmen, |
| Término indicativo de función/relación |
corrector |
| Código de función/relación |
corr. |
| 9 (RLIN) |
57201 |
| 700 1# - PUNTO DE ACCESO ADICIONAL--NOMBRE DE PERSONA |
| Nombre de persona |
Cuesta, Modesto, |
| Término indicativo de función/relación |
corrector |
| Código de función/relación |
corr. |
| 9 (RLIN) |
3209 |
| 700 1# - PUNTO DE ACCESO ADICIONAL--NOMBRE DE PERSONA |
| Nombre de persona |
Rodríguez, Apolinar Liz, |
| Término indicativo de función/relación |
corrector |
| Código de función/relación |
corr. |
| 9 (RLIN) |
87319 |
| 910 ## - DATOS DE OPCIÓN DEL USUARIO (OCLC) |
| Datos de opción del usuario |
LP |
| 942 ## - ELEMENTOS DE PUNTO DE ACCESO ADICIONAL (KOHA) |
| Fuente del sistema de clasificación o colocación |
Dewey Decimal Classification |
| Tipo de ítem Koha |
Libro |